| 000 | 02205cam a2200349 i 4500 | ||
|---|---|---|---|
| 001 | 20679441 | ||
| 003 | EG-ScBUE | ||
| 005 | 20220302152832.0 | ||
| 008 | 180914s2019 enka f b 001 0 eng d | ||
| 020 | _a9781107134829 | ||
| 020 | _a110713482X | ||
| 040 |
_aLBSOR/DLC _beng _erda _cLBSOR _dEG-ScBUE |
||
| 082 | 0 | 4 |
_a515.9 _222 _bMAR |
| 100 | 1 |
_aMarshall, Donald E. _q(Donald Eddy), _d1947- _eauthor. |
|
| 245 | 1 | 0 |
_aComplex analysis / _cDonald E. Marshall, University of Washington, Seattle, WA, USA. |
| 264 | 1 |
_aCambridge, United Kingdom ; _aNew York, NY, USA : _bCambridge University Press, _c2019. |
|
| 300 |
_axiii, 389 pages : _billustrations (some color) ; _c25 cm |
||
| 336 |
_atext _btxt _2rdacontent |
||
| 337 |
_aunmediated _bn _2rdamedia |
||
| 338 |
_avolume _bnc _2rdacarrier |
||
| 504 | _aIncludes bibliographical references. | ||
| 505 | 0 | _aAnalytic functions -- The maximum principle -- Integration and approximation -- Cauchy's theorem -- Elementary maps -- Harmonic functions -- Conformal maps and harmonic functions -- Calculus of residues -- Normal families -- Series and products -- Conformal maps to Jordan regions -- The Dirichlet problem -- Riemann surfaces -- The uniformization theorem -- Meromorphic functions on a Riemann surface. | |
| 520 |
_a"Complex Analysis The cover of this book shows two conformal maps that reveal the beautiful potential of complex analysis. Illustrated in full color and written for students of a breadth of disciplines, the clear and thorough writing style in this book explores and demystifies one of the most elegant branches of mathematical analysis. Based on a popular course and covering up-to-date theory, this book covers a one-year graduate level introduction to complex analysis, as well as touching upon topics not seen in competing titles"-- _cProvided by publisher. |
||
| 650 | 7 |
_aFunctions of complex variables _vTextbooks. _2BUEsh _934488 |
|
| 650 | 7 |
_aMathematical analysis _vTextbooks. _2BUEsh |
|
| 653 |
_bGGEN _cFebruary2022 |
||
| 655 |
_vReading book _934232 |
||
| 906 |
_a7 _bcbc _corignew _d1 _eecip _f20 _gy-gencatlg |
||
| 942 |
_2ddc _cBB |
||
| 999 |
_c29827 _d29798 |
||